Т. 2; Унесенные ветром

Detalhes bibliográficos
Parent link:Унесенные ветром: в 2 т: пер. с англ./ М. Митчелл. Т. 2.— , 1991-
Idioma:russo
Publicado em: 1991
Assuntos:
Formato: MixedMaterials Livro
KOHA link:https://koha.lib.tpu.ru/cgi-bin/koha/opac-detail.pl?biblionumber=128054

MARC

LEADER 00000nam2a2200000 4500
001 128054
005 20231031132514.0
010 |a 5253001859 
035 |a (RuTPU)RU\TPU\book\138508 
035 |a RU\TPU\book\110729 
090 |a 128054 
100 |a 20071224d1991 m y0rusy50 ca 
101 1 |a rus  |c eng 
102 |a RU 
105 |a a z 000ay 
200 0 |a Т. 2 
210 |d 1991 
215 |a 592 с.  |c ил. 
461 1 |0 (RuTPU)RU\TPU\book\110728  |t Унесенные ветром  |o в 2 т: пер. с англ.  |f М. Митчелл  |v Т. 2  |d 1991- 
610 1 |a художественная литература 
610 1 |a романы 
610 1 |a американская литература 
610 1 |a история США 
610 1 |a гражданская война 
675 |a 82  |v 3 
801 1 |a RU  |b 63413507  |c 20041022  |g PSBO 
801 2 |a RU  |b 63413507  |c 20210915  |g PSBO 
942 |c BK